|
|
|
|
| LEADER |
00000nam0a2200000 4500 |
| 001 |
370883 |
| 005 |
20231102012326.0 |
| 035 |
|
|
|a (RuTPU)RU\TPU\retro\28292
|
| 090 |
|
|
|a 370883
|
| 100 |
|
|
|a 20220812d1978 m y0rusy50 ca
|
| 101 |
0 |
|
|a rus
|
| 102 |
|
|
|a RU
|
| 105 |
|
|
|a a j 001zy
|
| 200 |
1 |
|
|a Металлические конструкции
|e учебник
|f К. К. Муханов
|
| 205 |
|
|
|a 3-е изд., испр. и доп.
|
| 210 |
|
|
|a Москва
|c Стройиздат
|d 1978
|
| 215 |
|
|
|a 576 с.
|c ил.
|
| 320 |
|
|
|a Библиогр.: с. 542-545
|
| 453 |
|
1 |
|0 (RuTPU)RU\TPU\retro\28293
|t Металлические конструкции
|l Constructions metalliques
|o [учебник]
|f К. К. Муханов
|c Москва
|n Мир
|d 1980
|p 512 с.
|a Муханов, Константин Константинович
|
| 606 |
1 |
|
|a Металлические конструкции
|x Строительная механика
|2 stltpush
|3 (RuTPU)RU\TPU\subj\42312
|9 61991
|
| 610 |
1 |
|
|a учебники
|
| 610 |
1 |
|
|a проектирование
|
| 610 |
1 |
|
|a сортамент
|
| 610 |
1 |
|
|a сварные соединения
|
| 610 |
1 |
|
|a заклепочные соединения
|
| 610 |
1 |
|
|a болтовые соединения
|
| 610 |
1 |
|
|a балки
|
| 610 |
1 |
|
|a фермы
|
| 610 |
1 |
|
|a колонны
|
| 610 |
1 |
|
|a стальные каркасы
|
| 610 |
1 |
|
|a промышленные здания
|
| 610 |
1 |
|
|a одноэтажные промышленные здания
|
| 610 |
1 |
|
|a большепролетные здания
|
| 610 |
1 |
|
|a высотные сооружения
|
| 610 |
1 |
|
|a листовые конструкции
|
| 675 |
|
|
|a 624.014(075.8)
|v 4
|
| 700 |
|
1 |
|a Муханов
|b К. К.
|g Константин Константинович
|
| 801 |
|
1 |
|a RU
|b 63413507
|c 20220812
|
| 801 |
|
2 |
|a RU
|b 63413507
|c 20220812
|g RCR
|
| 942 |
|
|
|c BK
|